000 003010000a22000970004500
100 1 _aSchooling, Stéphane
245 1 0 _aLa place du livre de michée dans le contexte des douze petits prophètes
300 _aVol. 7, Núm 1 (1998), Páginas 27-35
773 0 _tEuropean Journal of Theology
942 _cANA
999 _c54013
_d54013